Statistiques concernant Les plus gros partenaires commerciaux - Viêt Nam

Cliquez ici pour prendre le quiz!

Statistiques générales

  • Ce quiz a été pris 48 fois
  • Le résultat moyen est 20 sur 25

Statistiques - réponses

exportations importations pays % Correct
44,70 md70,45 mdChine
100%
9,78 md2,99 mdAllemagne
100%
4,99 md1,65 mdFrance
100%
1,37 mdRussie
100%
43,77 md10,15 mdEtats-Unis
100%
3,23 md3,05 mdIndonésie
95%
16,24 md12,99 mdJapon
95%
12,50 md32,65 mdCorée du Sud
95%
3,11 md5,96 mdInde
95%
5,08 mdRoyaume-Uni
93%
2,75 md9,55 mdTaïwan
93%
4,01 md1,04 mdMexique
93%
1,40 mdBrésil
91%
3,33 md2,80 mdAustralie
91%
4,45 md9,34 mdThaïlande
91%
3,29 md1,16 mdItalie
89%
3,74 mdCanada
89%
4,54 md5,73 mdMalaisie
84%
3,01 md11,35 mdSingapour
82%
2,55 mdArgentine
77%
4,36 mdPays-Bas
73%
2,90 mdAutriche
27%
1,20 mdIsraël
25%
1,12 mdÉquateur
11%
3,20 mdSlovaquie
2%

Distribution des résultats

Percentile by Number Answered

% des personnes avec chaque résultat

Votre développement - résultats

Vous n’avez pas pris ce quiz